Názvoslovie jednotlivých typov predajní
Definícia pojmu predajňa. Predajňa okrem toho, že plní funkciu realizácie potrieb spotrebiteľov a realizácie tovaru a služieb v národohospodárskom ponímaní, plní aj funkciu tvorcu životného prostredia , prvku podnikateľských aktivít mesta, regiónu. Typy predajní vznikajú kombináciou a variovaním sor...
Na minha lista:
| Autor principal: | |
|---|---|
| Formato: | Capítulo de Livro |
| Idioma: | eslovaco |
| Assuntos: | |
| Tags: |
Sem tags, seja o primeiro a adicionar uma tag!
|
MARC
| LEADER | 00000naa$a2200000$$$4500 | ||
|---|---|---|---|
| 001 | 0029224 | ||
| 005 | 20221129103423.5 | ||
| 041 | 0 | |a slo | |
| 044 | |a SK | ||
| 245 | 1 | 0 | |a Názvoslovie jednotlivých typov predajní |c Kristína Viestová |
| 520 | |a Definícia pojmu predajňa. Predajňa okrem toho, že plní funkciu realizácie potrieb spotrebiteľov a realizácie tovaru a služieb v národohospodárskom ponímaní, plní aj funkciu tvorcu životného prostredia , prvku podnikateľských aktivít mesta, regiónu. Typy predajní vznikajú kombináciou a variovaním sortimentu, foriem predaja, veľkosťou predajnej plochy, alokáciou, cenovou úrovňou a ďalším. Veľkopredajňa (Supermarket, Supermarkt, Supersam), veľkokapacitná veľkopredajňa (Superstore), obria veľkopredajňa (Hypermarket) - definície. Názov minimarket - nie je odbornou literatúrou definovaný. | ||
| 610 | 2 | 0 | |a predajne |
| 610 | 2 | 0 | |a veľkopredajne |
| 610 | 2 | 0 | |a hypermarkety |
| 610 | 2 | 0 | |a definície |
| 610 | 2 | 0 | |a terminológia |
| 610 | 2 | 0 | |a Slovensko |
| 610 | 2 | 0 | |a Európa |
| 100 | 1 | |a Viestová, Kristína | |